000 01374nam a2200301 a 4500
003 CHAP
005 20220329143648.0
008 101126s2008 mx 00010 spa d
010 _a99961
011 _a100933
035 _a111619
040 _cCHAP
090 _aCD-294
111 2 _aReunión Científica del Grupo Interdisciplinario de Investigación en Sechium edule en México (GISeM) - Red Nacional de Chayote, e inauguración de la réplica del banco de germoplasma de Sechium edule (
_n3
_c: 2008)
_996250
245 1 0 _aTercera reunión científica del Grupo Interdisciplinario de Investigación en Sechium edule en México (GISeM) - Red Nacional de Chayote, e inauguración de la réplica del banco de germoplasma de Sechium edule, 4 y 5 de diciembre[Disco compacto]
_c/por INIFAP
260 _a[Tuxtla, Chis.] :
_b[INIFAP, Campo Experimental Rosario Izapa],
_c2008
300 _a1 disco compacto ;
_c4 3/4 plgs.
590 _aBATCH-UPD
_b10
_c20130110
_lUCH01
_h1311
590 _aBATCH-UPD
_b10
_c20130410
_lUCH01
_h0824
590 _aBATCH-UPD
_b10
_c20130914
_lUCH01
_h0919
590 _aCONVERSION
_b10
_c20130109
_lUCH01
_h1355
650 0 4 _aChayote
_xCongresos.
_922081
710 2 _aINIFAP. México. Campo Experimental Rosario Izapa.
_958766
901 _aBK
911 _aen proceso
942 _cCD
949 _aCD-294
_bBC
_cCD
_d33724002221040
_eCD
_i111619
_sb
999 _c99961
_d99961